MDQL
is popping MORE tags! Check the
thread
!
Quizzes
Events
Quiz Creation
Community
Videos
Private Events
Remove Ads
Sign In
Join for FREE
Feedback
Dark Mode
Quiz Categories
Sports
Geography
Music
Movies
Television
Just For Fun
Miscellaneous
History
Literature
Language
Science
Gaming
Entertainment
Religion
Holiday
For Kids
Quiz Lab
Recent
Popular Today
Quiz Kudos Today
Editor Picks
Curator Picks
Quizzes by...
Day
Popularity
Type
Ratings
Length
Year
Community
Subscriptions
Recent Discussions
Orange Saloon
Badges
Playlists
Quests
Create
Leaderboards
Showdown
Live 5
Trivia Bingo
Activity
Puzzle Library
Sporcle Events
Private Events
Virtual Trivia
Globe League
Become a Host
Pub Owners
SporcleCon
Opinionation
Our Games
Videos
Blog
Mobile Apps
Partnerships
Remove Ads and Go Orange
Feedback
Music
Pop Music
The Beatles
Song
Album
Lyrics
Bands
Singers
Artist
Clip
Rock
Rap
Classical
Billboard
Country Music
Kpop
Taylor Swift
Music
Pop Music
The Beatles
Song
Album
Lyrics
Bands
Singers
Artist
Clip
Rock
Rap
Classical
Billboard
Country Music
Kpop
Taylor Swift
Random Quiz
Search Sporcle
×
Curator Pick
Curator Pick
Music
Lyrics
Type in answers that appear in a list
Type in answers that appear in a list
Classic
Best Score? Go Orange.
Find Out The Lyrics (Rock) Stats
Can you name the lyrics to this relatively know song?
By
BammBammYourDead
7m
134 Questions
3,340 Plays
3,340 Plays
3,340 Plays
Comments
Comments
Give Quiz Kudos
Give Quiz Kudos
-
- Ratings
hide this ad
Replay
Link that replays current quiz
Next Quiz
Link to next quiz in quiz playlist
You Got
0%
They Got
Avg Score
45%
Avg Friend Score
Upgrade to see
Score Distribution
Jump to the score distribution portion of the page
Score
0/134
Timer
07:00
0
Plays Today
% Correct
a
97.2%
and
97.2%
the
97.2%
a
97.2%
the
97.2%
the
97.2%
a
97.2%
the
97.2%
the
97.2%
the
97.2%
the
97.2%
and
97.2%
and
97.2%
the
97.2%
the
97.2%
the
97.2%
the
97.2%
the
97.2%
the
97.2%
the
97.2%
I
97%
we
71.7%
we
71.7%
we
71.7%
we
71.7%
we
71.7%
an
68.3%
to
66.5%
to
66.5%
in
65.9%
in
65.9%
in
65.9%
in
65.9%
in
65.9%
in
65.9%
in
65.9%
in
65.9%
in
65.9%
in
65.9%
in
65.9%
In
65.9%
is
65.4%
is
65.4%
is
65.4%
is
65.4%
% Correct
is
65.4%
is
65.4%
on,
61.2%
do,
60.2%
It
57.8%
are
56.5%
are
56.5%
are
56.5%
are
56.5%
for
54.4%
of
50.2%
my
50%
my
50%
my
50%
your
46.2%
they
45.7%
All
41.6%
all
41.6%
All
41.6%
all
41.6%
all
41.6%
all
41.6%
All
41.6%
see.
40.4%
don't
34.4%
just
32.3%
but
31.7%
gone.
26.8%
only
24.9%
wind,
24.4%
wind.
24.4%
wind,
24.4%
wind.
24.4%
wind,
24.4%
wind.
24.4%
wind.
24.4%
wind.
24.4%
wind.
24.4%
wind.
24.4%
wind.
24.4%
eyes,
22.3%
eyes,
22.3%
moment
22.3%
Now
22%
Dust
21.8%
% Correct
dust
21.8%
Dust
21.8%
dust
21.8%
Dust
21.8%
dust
21.8%
dust
21.8%
Dust
21.8%
dust
21.8%
dust
21.8%
won't
20.7%
close
20.4%
nothing
19.9%
Oh
19.1%
oh
19.1%
oh.
19.1%
song,
17.2%
sky.
16.8%
moment's
16.6%
before
16.4%
dreams,
16.1%
last
15.9%
Everything
15.2%
Everything
15.2%
old
14.9%
sea.
14.2%
forever
14.1%
though
14%
Same
13.4%
earth
13.1%
minute
12.7%
away,
12%
water
11.9%
drop
10.4%
another
10.2%
curiosity.
9.9%
endless
9.6%
pass
9.6%
ground,
9.3%
money
9.1%
refuse
8.7%
hang
8.6%
buy.
7.8%
crumbles
7.2%
slips
6.1%
Quiz Playlist
Details
Report
Send in Message
Add To Playlist
Classic:
Type in answers that appear in a list
Last Updated: Feb 16, 2017
Curator Pick in
Rock
Quiz Scoreboard
CHALLENGE
Sign Up to Join the Scoreboard
Show All
Scores
Hide
Comments
May contain spoilers
Recently Published
Image Sorting: Flags VI
by Barbecue
Geography
2m
Find the 'City' Movie
by crazypaving
Movies
60s
Colored Red Africa Blitz
by spor1
Geography
45s
More to Explore
Quiz From the Vault
Featured Blog Post
14 Easter Pick-up Lines to Find Eggs With
hide this ad
You Might Also Like...
Tags
Lyrics Quiz
Rock Quiz
Song Quiz
too
Today's Top Quizzes in Music
Browse Music
hide this ad
Today's Top Quizzes in Lyrics
Browse Lyrics
Top Contributed Quizzes in Music
1
5X2 Blitz: Bands II
2
5X2 Blitz: The Beatles
3
Taylor Swift All Songs (2024)
4
5X2 Blitz: Billboard
5
5X2 Blitz: Billboard II
6
5X2 Blitz: Album
7
5X2 Blitz: Rock
8
5X2 Blitz: Singers
9
Taylor Swift Logic Puzzle II
10
5X2 Blitz: Lyrics
Explore More
Trending Topics
Disney
Crossword
Harry Potter
Anime
Kpop
NBA
Marvel
WWE
The Office
Country
Song
Soccer
NFL
Puzzle
Pokémon
hide this ad
More By:
BammBammYourDead
Quiz
Plays
Rating
Category
Featured
Created
Find Out The Lyrics (Rock)
3,340
4.14
Music
May 16, 2010
Go to Creator's Profile
Score Distribution
Quiz Creator Spotlight
BammBammYourDead
Follow
Send a Message
Quizzes Created
-
Created Quiz Play Count
-
More By This Creator
Popular Quizzes Today
1
Colored Red Africa Blitz
2
Find the US States - No Outlines Minefield
3
Find the 'City' Movie
4
5x2 Blitz: Bands
5
The Countries of the World
6
Find the US States
7
Find the Countries of Europe - No Outlines Minefield
8
US States
More Music Quizzes
'A' Bands Album Match
Published
Trending Quizzes
Colored Red Europe Blitz I
Colored Red Europe Blitz II
Colored Red Africa Blitz II
Colored Red Europe Blitz III
Colored Red Africa Blitz III
Recently Updated
How Do You Spell That?
pecheneg
Godzilla Movies
pecheneg
Grab Bag: 4-10 Letters
pecheneg
2024 March Madness Bracket
pecheneg
Famous TV Couples
Peacemaker
Champions League XIs: Real Madrid
pecheneg
Largest US Cities 1790-2010
pecheneg
Rides in Walt Disney World
pecheneg
Most Oscar Losses (Acting)
pecheneg
Beyoncé Albums
pecheneg
Trending Topics
NBA
Crossword
Disney
Marvel
Kpop
Anime
Harry Potter
NFL
Soccer
Song
WWE
Puzzle
Pokémon
Country
The Office
Your Account Isn't Verified!
In order to create a playlist on Sporcle, you need to verify the email address you used during registration. Go to your
Sporcle Settings
to finish the process.
Report this User
Report this user for behavior that violates our
Community Guidelines
.
Details:
Send Report
Go to the Sporcle.com Mobile Site →
Comments